| 000 | 00360nam a2200133Ia 4500 | ||
|---|---|---|---|
| 008 | 190723s9999 xx 000 0 und d | ||
| 020 | _a978-93-325-4987-6 | ||
| 100 | _aDouglas E.Comer | ||
| 245 | 0 | _aInternetworking with TCP/IP Client-Server Programming and Applications | |
| 250 | _a2rd | ||
| 260 |
_aIndia _bPearson _c2015 |
||
| 300 | _a519 | ||
| 942 | _cBK | ||
| 999 |
_c1346 _d1346 |
||